[Event "GER-ch Net Amateur Gr-B Vor1"]
[Site "Playchess.com INT"]
[Date "2020.04.14"]
[Round "2"]
[White "Akcapinar, Yavuz"]
[Black "Jessen, Bjarne"]
[Result "0-1"]
[WhiteElo "1762"]
[BlackElo "1620"]
[PlyCount "196"]
[EventDate "2020.04.14"]
[EventType "swiss (blitz)"]
[EventRounds "9"]
[EventCountry "GER"]
[SourceTitle "EXT 2021"]
[Source "ChessBase"]
[SourceDate "2020.10.23"]
[SourceVersion "1"]
[SourceVersionDate "2020.10.23"]
[SourceQuality "1"]

1. e4 e5 2. Nf3 Nc6 3. Bc4 Nf6 4. d3 Bc5 5. 0-0 d6 6. Bb3 Bg4 7. c3 a6 8. a4 Qd7 9. Nbd2 0-0-0 10. Re1 h5 11. Nf1 h4 12. Ne3 Bxe3 13. Rxe3 h3 14. g3 Nh7 15. Qe1 Bxf3 16. Rxf3 f6 17. Be3 Rdf8 18. d4 Ng5 19. Bxg5 fxg5 20. Rxf8+ Rxf8 21. dxe5 Nxe5 22. Bd1 Qf7 23. Qe3 Nf3+ 24. Bxf3 Qxf3 25. Qxf3 Rxf3 26. Rd1 Kd7 27. Kf1 Ke6 28. Ke2 Rf7 29. Rd5 g4 30. Rg5 d5 31. exd5+ Kd6 32. c4 Re7+ 33. Kd3 c6 34. dxc6 bxc6 35. Rxg4 Kc5 36. Kc3 Re2 37. b4+ Kd6 38. Rf4 g5 39. Rf5 g4 40. b5 axb5 41. axb5 cxb5 42. cxb5 Re1 43. Kb4 Rb1+ 44. Ka5 Ra1+ 45. Kb6 Rh1 46. Rg5 Rxh2 47. Rxg4 Rxf2 48. Rh4 h2 49. g4 Rg2 50. g5 Ke5 51. Kb7 Kf5 52. Rh5 Rb2 53. b6 Kg4 54. Rh7 Kxg5 55. Kc7 Rc2+ 56. Kb8 Kg4 57. b7 Kg3 58. Ka7 Ra2+ 59. Kb6 Rb2+ 60. Ka5 Rxb7 61. Rxb7 h1Q 62. Rg7+ Kf2 63. Rf7+ Ke3 64. Re7+ Kd4 65. Rc7 Qd5+ 66. Ka6 Qd6+ 67. Kb7 Qb4+ 68. Kc8 Kd5 69. Rd7+ Ke6 70. Rc7 Qf8+ 71. Kb7 Qb4+ 72. Kc8 Qb5 73. Kd8 Qd5+ 74. Kc8 Qa5 75. Kb7 Qb5+ 76. Kc8 Qa6+ 77. Kb8 Qb6+ 78. Rb7 Qd6+ 79. Ka7 Qa3+ 80. Kb8 Kd6 81. Rb6+ Kc5 82. Rb7 Qg3+ 83. Ka7 Qa3+ 84. Kb8 Qa5 85. Rc7+ Kd6 86. Rb7 Kc6 87. Kc8 Qf5+ 88. Kb8 Qf8+ 89. Ka7 Qa3+ 90. Kb8 Qd6+ 91. Ka7 Qd5 92. Rb6+ Kd7 93. Rb7+ Kc8 94. Rb8+ Kc7 95. Rb6 Qa5+ 96. Ra6 Qc5+ 97. Ka8 Qd5+ 98. Ka7 Qb7# 0-1

[Event "GER-ch Net Amateur Gr-B Vor1"]
[Site "Playchess.com INT"]
[Date "2020.04.14"]
[Round "4"]
[White "Akcapinar, Yavuz"]
[Black "Zeuner, Ole"]
[Result "1/2-1/2"]
[WhiteElo "1762"]
[BlackElo "1597"]
[PlyCount "89"]
[EventDate "2020.04.14"]
[EventType "swiss (blitz)"]
[EventRounds "9"]
[EventCountry "GER"]
[SourceTitle "EXT 2021"]
[Source "ChessBase"]
[SourceDate "2020.10.23"]
[SourceVersion "1"]
[SourceVersionDate "2020.10.23"]
[SourceQuality "1"]

1. e4 e5 2. Nf3 Nc6 3. Bc4 Nf6 4. d3 h6 5. 0-0 d6 6. h3 g6 7. Bb3 Bg7 8. c3 0-0 9. Nbd2 Qe7 10. Re1 Be6 11. Bc2 d5 12. Qe2 d4 13. Nf1 Nd7 14. Ng3 dxc3 15. bxc3 Nb6 16. Be3 Rfd8 17. a4 Na5 18. Reb1 Rd7 19. Rb5 Nc6 20. a5 a6 21. Rbb1 Nc8 22. Rxb7 Nd6 23. Rbb1 Nb5 24. Bd2 Qc5 25. Qe1 Na3 26. Be3 Qe7 27. Rxa3 Qxa3 28. Ra1 Qd6 29. Qe2 Rdd8 30. Ne1 Rdb8 31. Ba4 Nxa5 32. Rd1 Bb3 33. Bxb3 Rxb3 34. d4 exd4 35. cxd4 Rab8 36. Qd2 Nc4 37. Qe2 Rb2 38. Qxc4 R8b4 39. Qc3 R2b3 40. Qc2 Rb2 41. Qd3 R2b3 42. Qc2 Rb2 43. Qd3 R4b3 44. Qc4 Rb4 45. Qd3 1/2-1/2

[Event "GER-ch Net blitz qual4"]
[Site "Playchess.com INT"]
[Date "2020.03.23"]
[Round "4"]
[White "Akcapinar, Yavuz"]
[Black "Heiligtag, Matthias"]
[Result "1-0"]
[WhiteElo "1784"]
[BlackElo "1451"]
[PlyCount "61"]
[EventDate "2020.03.23"]
[EventType "swiss (blitz)"]
[EventRounds "9"]
[EventCountry "GER"]
[SourceTitle "CBM 195 Extra"]
[Source "ChessBase"]
[SourceDate "2020.05.31"]
[SourceVersion "1"]
[SourceVersionDate "2020.05.31"]
[SourceQuality "1"]

1. e4 e5 2. Nf3 Nf6 3. d4 Nxe4 4. dxe5 d6 5. exd6 Qxd6 6. Bd3 Nf6 7. 0-0 Be7 8. Nc3 0-0 9. Re1 Re8 10. Bg5 Nc6 11. Nb5 Qd8 12. Bxf6 Bxf6 13. Rxe8+ Qxe8 14. Nxc7 Qd7 15. Nxa8 b6 16. Be4 Qb7 17. Nxb6 Qxb6 18. Bxc6 Qxc6 19. c3 h6 20. h3 Kh7 21. Nd4 Bxd4 22. Qxd4 Bb7 23. f3 Qg6 24. Qf2 h5 25. Rc1 Qg5 26. f4 Qd5 27. Re1 Qxa2 28. Qe2 Qd5 29. Rd1 Qc6 30. Qxh5+ Qh6 31. Qxh6+ 1-0

[Event "Ruhrgebiet Verbandsklasse Gruppe 3 1718"]
[Site "Germany"]
[Date "2018.02.04"]
[Round "6.5"]
[White "Akcapinar, Yavuz"]
[Black "Koprek, Juergen"]
[Result "1/2-1/2"]
[WhiteElo "1749"]
[BlackElo "1856"]
[PlyCount "39"]
[EventDate "2017.09.17"]
[EventType "team-tourn"]
[EventRounds "9"]
[EventCountry "GER"]
[SourceTitle "EXT 2022"]
[Source "ChessBase"]
[SourceDate "2021.10.06"]
[SourceVersion "1"]
[SourceVersionDate "2021.10.06"]
[SourceQuality "1"]
[WhiteTeam "Luenen Horstmar SC"]
[BlackTeam "Ruettenscheid Rochade"]
[WhiteTeamCountry "GER"]
[BlackTeamCountry "GER"]

1. e4 e6 2. d4 d5 3. Nc3 Bb4 4. exd5 exd5 5. Bd3 Ne7 6. Qf3 Nbc6 7. Nge2 Be6 8. 0-0 0-0 9. a3 Ba5 10. Nd1 Qd7 11. Ne3 a6 12. c3 Ng6 13. Qh5 f5 14. f4 Qf7 15. Ng3 Nge7 16. Qf3 Nb8 17. Re1 Nbc6 18. Re2 Bb6 19. Nc2 Nc8 20. Be3 1/2-1/2

[Event "Ruhrgebiet Bezirksliga 16/17"]
[Site "Ruhrgebiet"]
[Date "2016.12.11"]
[Round "5.6"]
[White "Akcapinar, Yavuz"]
[Black "Rudlof, Juergen"]
[Result "1/2-1/2"]
[WhiteElo "1739"]
[BlackElo "1685"]
[PlyCount "49"]
[EventDate "2016.08.28"]
[EventType "team-tourn"]
[EventRounds "11"]
[EventCountry "GER"]
[SourceTitle "EXT 2022"]
[Source "ChessBase"]
[SourceDate "2021.10.06"]
[SourceVersion "1"]
[SourceVersionDate "2021.10.06"]
[SourceQuality "1"]
[WhiteTeam "Luenen Horstmar SC"]
[BlackTeam "Boenen SV II"]
[WhiteTeamCountry "GER"]
[BlackTeamCountry "GER"]

1. e4 e5 2. Nf3 f5 3. Nxe5 Qf6 4. d4 d6 5. Nc4 fxe4 6. Nc3 Qg6 7. f3 exf3 8. Qxf3 Qf5 9. Qe3+ Qe6 10. Bd3 Nf6 11. 0-0 Qxe3+ 12. Bxe3 Be7 13. Rae1 0-0 14. Bg5 Bd8 15. Ne4 Nbd7 16. Ng3 Nb6 17. Nxb6 axb6 18. Ne4 Bd7 19. Bxf6 gxf6 20. a3 Ra5 21. Ng3 Bb5 22. c4 Bd7 23. Nf5 b5 24. Rf3 bxc4 25. Bxc4+ 1/2-1/2

[Event "Ruhrgebiet Bezirksliga 16/17"]
[Site "Ruhrgebiet"]
[Date "2016.11.13"]
[Round "4.5"]
[White "Akcapinar, Yavuz"]
[Black "Dreesbach, Harald"]
[Result "1/2-1/2"]
[WhiteElo "1739"]
[BlackElo "1744"]
[PlyCount "44"]
[EventDate "2016.08.28"]
[EventType "team-tourn"]
[EventRounds "11"]
[EventCountry "GER"]
[SourceTitle "EXT 2022"]
[Source "ChessBase"]
[SourceDate "2021.10.06"]
[SourceVersion "1"]
[SourceVersionDate "2021.10.06"]
[SourceQuality "1"]
[WhiteTeam "Luenen Horstmar SC"]
[BlackTeam "Ahlen SV II"]
[WhiteTeamCountry "GER"]
[BlackTeamCountry "GER"]

1. e4 c5 2. Nc3 Nc6 3. f4 g6 4. Nf3 Bg7 5. Bb5 Nd4 6. 0-0 a6 7. Bc4 e6 8. d3 Ne7 9. a3 Nec6 10. Bd2 d6 11. Ne2 0-0 12. c3 Nxe2+ 13. Qxe2 Qc7 14. Qf2 b6 15. Qh4 Qe7 16. Qg3 Bd7 17. Rfe1 Rad8 18. f5 Ne5 19. fxg6 Nxf3+ 20. Qxf3 fxg6 21. Qg4 Kh8 22. Bg5 Bf6 1/2-1/2

[Event "Ruhrgebiet Bezirksliga 16/17"]
[Site "Ruhrgebiet"]
[Date "2016.09.18"]
[Round "2.5"]
[White "Akcapinar, Yavuz"]
[Black "Brieger, Sebastian"]
[Result "1/2-1/2"]
[WhiteElo "1739"]
[BlackElo "1620"]
[PlyCount "95"]
[EventDate "2016.08.28"]
[EventType "team-tourn"]
[EventRounds "11"]
[EventCountry "GER"]
[SourceTitle "EXT 2022"]
[Source "ChessBase"]
[SourceDate "2021.10.06"]
[SourceVersion "1"]
[SourceVersionDate "2021.10.06"]
[SourceQuality "1"]
[WhiteTeam "Luenen Horstmar SC"]
[BlackTeam "Hamm SV II"]
[WhiteTeamCountry "GER"]
[BlackTeamCountry "GER"]

1. e4 c5 2. Nc3 Nc6 3. f4 e6 4. Nf3 d5 5. e5 Nge7 6. g3 Nf5 7. Bg2 Be7 8. 0-0 0-0 9. d3 a6 10. a4 Bd7 11. b3 Rb8 12. Bd2 b5 13. Re1 Qb6 14. Kh1 b4 15. Ne2 Rfd8 16. g4 Nh6 17. h3 c4 18. dxc4 dxc4 19. Ng3 cxb3 20. cxb3 Na5 21. Rb1 Bc6 22. Qe2 Bd5 23. Be3 Bc5 24. Bxc5 Qxc5 25. Rec1 Qb6 26. Nd2 Bxg2+ 27. Kxg2 Qd4 28. Nge4 Qb6 29. Nd6 f6 30. N2c4 Nxc4 31. Rxc4 Nf7 32. Nxf7 Kxf7 33. exf6 gxf6 34. Rbc1 Qb7+ 35. Kg3 Rbc8 36. Qc2 Rxc4 37. Qxh7+ Kf8 38. Qxb7 Rxc1 39. Qxb4+ Kf7 40. Qb7+ Kg6 41. f5+ exf5 42. gxf5+ Kxf5 43. Qf3+ Kg6 44. Qe4+ Kf7 45. Qb7+ Kg6 46. Qe4+ Kf7 47. Qe3 Rg8+ 48. Kf2 1/2-1/2

[Event "Ruhrgebiet Bezirksliga 16/17"]
[Site "Ruhrgebiet"]
[Date "2016.08.28"]
[Round "1.6"]
[White "Akcapinar, Yavuz"]
[Black "Finke, Wolfgang"]
[Result "1/2-1/2"]
[WhiteElo "1739"]
[BlackElo "1690"]
[PlyCount "69"]
[EventDate "2016.08.28"]
[EventType "team-tourn"]
[EventRounds "11"]
[EventCountry "GER"]
[SourceTitle "EXT 2022"]
[Source "ChessBase"]
[SourceDate "2021.10.06"]
[SourceVersion "1"]
[SourceVersionDate "2021.10.06"]
[SourceQuality "1"]
[WhiteTeam "Luenen Horstmar SC"]
[BlackTeam "Kamen SV III"]
[WhiteTeamCountry "GER"]
[BlackTeamCountry "GER"]

1. e4 e6 2. d4 d5 3. Nc3 Nf6 4. exd5 exd5 5. Bd3 Be7 6. Nge2 b6 7. 0-0 Ba6 8. Ng3 0-0 9. Nf5 Bxd3 10. Qxd3 Re8 11. Qg3 g6 12. Qg5 c6 13. f3 Na6 14. a3 Nc7 15. Nxe7+ Qxe7 16. Bd2 Ne6 17. Qh4 Nh5 18. Qxe7 Rxe7 19. Ne2 Rae8 20. Rae1 Neg7 21. Kf2 Ne6 22. c3 f5 23. g3 Kf7 24. Nc1 Nf6 25. Nd3 Nd7 26. h4 b5 27. Bg5 Nxg5 28. hxg5 Rxe1 29. Rxe1 Rxe1 30. Kxe1 Ke6 31. Ke2 a5 32. b3 Kd6 33. Ke3 Nb6 34. Nc5 a4 35. bxa4 1/2-1/2

[Event "Dortmund Sparkassen op-B"]
[Site "Dortmund"]
[Date "2014.07.19"]
[Round "8"]
[White "Fimmers, Heinrich"]
[Black "Akcapinar, Yavuz"]
[Result "1/2-1/2"]
[WhiteElo "1428"]
[BlackElo "1717"]
[PlyCount "94"]
[EventDate "2014.07.12"]
[EventType "swiss"]
[EventRounds "9"]
[EventCountry "GER"]
[SourceTitle "EXT 2022"]
[Source "ChessBase"]
[SourceDate "2021.10.06"]
[SourceVersion "1"]
[SourceVersionDate "2021.10.06"]
[SourceQuality "1"]

1. d4 c5 2. d5 d6 3. c4 e5 4. e4 Nf6 5. Bd3 Be7 6. Nc3 0-0 7. Nge2 Ne8 8. Ng3 g6 9. 0-0 Ng7 10. Bd2 f5 11. exf5 gxf5 12. f3 Nd7 13. Bh6 Nb6 14. Qc2 f4 15. Bxh7+ Kh8 16. Bxg7+ Kxg7 17. Qg6+ Kh8 18. Qh5 Kg7 19. Qg6+ Kh8 20. Bg8 Rf7 21. Qxf7 Qxg8 22. Qxe7 fxg3 23. Qh4+ Qh7 24. hxg3 Bf5 25. b3 Kg8 26. Qxh7+ Kxh7 27. Ne4 Rd8 28. Kf2 Kg6 29. Ke3 Nc8 30. g4 Bd7 31. Rh1 b5 32. Rh5 Ne7 33. Rah1 Rb8 34. Nc3 a6 35. cxb5 axb5 36. Rb1 b4 37. Ne4 Bc8 38. Rd1 Ra8 39. Rd2 Ra3 40. Kf2 Bb7 41. Ke1 Ba6 42. Rc2 Bb7 43. Nd2 Bxd5 44. Nc4 Ra8 45. Rc1 Bxc4 46. bxc4 Kf6 47. Kf2 Ra6 1/2-1/2

[Event "Ruhrgebiet VK2 1112"]
[Site "Nordrheinwestfalen"]
[Date "2011.11.13"]
[Round "3"]
[White "Akcapinar, Yavuz"]
[Black "Wegge, Martin"]
[Result "1/2-1/2"]
[WhiteElo "1727"]
[BlackElo "1615"]
[PlyCount "65"]
[EventDate "2012.09.18"]
[EventType "team-tourn"]
[EventRounds "9"]
[EventCountry "GER"]
[SourceTitle "EXT 2020"]
[Source "ChessBase"]
[SourceDate "2019.10.17"]
[SourceVersion "1"]
[SourceVersionDate "2019.10.17"]
[SourceQuality "1"]
[WhiteTeam "Rochade Steele/Kray"]
[BlackTeam "Marten Boevinghausen"]
[WhiteTeamCountry "GER"]
[BlackTeamCountry "GER"]

1. e4 Nf6 2. Nc3 d5 3. exd5 Nxd5 4. Qf3 Nxc3 5. dxc3 Nd7 6. Bb5 c6 7. Ba4 e6 8. Be3 Qc7 9. Ne2 Nb6 10. Bb3 Nd5 11. 0-0-0 Bd6 12. Bxd5 exd5 13. Bf4 0-0 14. Bxd6 Qxd6 15. Nf4 Qf6 16. Qg3 Bf5 17. f3 Rfe8 18. Rhe1 h6 19. h4 Bg6 20. Nxg6 Qxg6 21. Qxg6 fxg6 22. Kd2 Kf7 23. Re3 Rxe3 24. Kxe3 Re8+ 25. Kf2 Kf6 26. Rd4 Re7 27. Rd3 g5 28. hxg5+ Kxg5 29. g3 Kf5 30. Re3 Rxe3 31. Kxe3 h5 32. f4 Kg4 33. Kf2 1/2-1/2